| 000 | 00674nam a22001817a 4500 | ||
|---|---|---|---|
| 003 | OSt | ||
| 005 | 20250909184039.0 | ||
| 008 | 240903b ||||| |||| 00| 0 eng d | ||
| 040 | _c0 | ||
| 082 | _aDPer 808.042 C686 June-February 2021 v. 72-73 n. 1-4 | ||
| 100 |
_aBazerman, Charles. _eauthor. _960015 |
||
| 245 |
_a2020 cccc exemplar award acceptance remarks / _cCharles Bazerman. |
||
| 260 |
_aUSA ; _bNational Council of Teachers of English , _cJune 2021. |
||
| 300 |
_aVolume 72-73, pages 621-622 ; _c23 cm. |
||
| 500 | _aCollege Composition & Communication, vol. 72, n. 4, pages 621-622, June 2021. | ||
| 700 |
_aBazerman, Charles. _eauthor. _960015 |
||
| 942 |
_2ddc _cPER |
||
| 999 |
_c21256 _d21256 |
||